Pháp luật hình sự Việt Nam : Một số vấn đề lý luận và thực tiễn
Nội dung giới thiệu về pháp luật hình sự Việt Nam - một số vấn đề từ thực tiễn xét xử. Bình luận một số vụ án hình sự tiêu biểu.
Enregistré dans:
| Auteur principal: | |
|---|---|
| Format: | Livre |
| Langue: | Undetermined |
| Publié: |
Hà Nội
Tư Pháp
2010
|
| Sujets: | |
| Tags: |
Ajouter un tag
Pas de tags, Soyez le premier à ajouter un tag!
|
| Thư viện lưu trữ: | Trung tâm Học liệu Trường Đại học Cần Thơ |
|---|
| LEADER | 00909nam a2200229Ia 4500 | ||
|---|---|---|---|
| 001 | CTU_157485 | ||
| 008 | 210402s9999 xx 000 0 und d | ||
| 020 | |c 59000 | ||
| 082 | |a 345.597 | ||
| 082 | |b L504 | ||
| 100 | |a Lê, Văn Luật | ||
| 245 | 0 | |a Pháp luật hình sự Việt Nam : | |
| 245 | 0 | |b Một số vấn đề lý luận và thực tiễn | |
| 245 | 0 | |c Lê Văn Luật | |
| 260 | |a Hà Nội | ||
| 260 | |b Tư Pháp | ||
| 260 | |c 2010 | ||
| 520 | |a Nội dung giới thiệu về pháp luật hình sự Việt Nam - một số vấn đề từ thực tiễn xét xử. Bình luận một số vụ án hình sự tiêu biểu. | ||
| 650 | |a Criminal law,Luật hình sự | ||
| 650 | |z Vietnam,Việt Nam | ||
| 904 | |i Anh Tho,QHieu | ||
| 980 | |a Trung tâm Học liệu Trường Đại học Cần Thơ | ||